000 00460nam a2200181Ia 4500
001 15721
005 20260306170217.0
008 260306t1974||||xx |||||||||||||| ||und||
041 _aESP
082 _a599.9
_bP74
100 _aPoirier, Frank E.
_eAUT
245 0 _aIn search of ourselves:
_ban introduction to physical anthropology
260 _c1974
300 _a400 páginas :
_c22 cm.
650 _aGEN
654 _aCCN
942 _cLIB
_dJUS
_fJUS
_2ddc
_n
999 _c15721
_d15721